| 000 | 00694nam a2200229 u 4500 | ||
|---|---|---|---|
| 005 | 20240831063735.0 | ||
| 008 | 100524s2003 r 000 0 eng d | ||
| 020 | _a842657419X | ||
| 035 | _aUPN01000176075 | ||
| 049 | _aI | ||
| 050 | 4 |
_aPZ74.9 _bK8.3 2003 |
|
| 100 | 1 | _aKurtz, Carmen | |
| 245 | 1 | 0 |
_aCosas que se pierden, amigos que se encuentran / _cCarmen Kurtz ; il. Odile Kurz |
| 250 | _a4a ed. | ||
| 260 |
_aMadrid : _bMagisterio Casals, _c2003. |
||
| 300 |
_a78 p. : _bil. col. |
||
| 440 | 0 |
_aPunto infantil ; _v30. _pA partir de 7 años |
|
| 650 | 4 |
_aCuentos infantiles españoles _97725 |
|
| 650 | 4 |
_aLibros y lectura para niños _92290 |
|
| 905 | _aLibro | ||
| 999 |
_c148178 _d148178 |
||